000 00877nam a2200253Ia 4500
003 OSt
005 20221005105745.0
006 a|||||r|||| 00| 0
007 ta
008 221004b |||||||| |||| 00| 0 hin d
024 _a25049
037 _cTextual
040 _aCRL
_cCRL
_bhin
041 _2hin
_ahin
082 _aV2y7M84x, 152L3
100 _aराजेन्द्र प्रसाद
245 0 _aस्वतंत्र भारत की झलक
246 _aSvatantra bhārat kī zalaka
260 _aनई दिल्ली
_bसस्ता साहित्य मंडल प्रकाशन भारत
_c1973
300 _a338पृ0
_ccm.
650 _aविश्व-इतिहास
942 _hV2y7M84x, 152L3
_cTEXL
_2cc
999 _c1016814
_d1016814